000 00965 a2200217 4500
020 _a0006162746
082 0 0 _a823.912
090 _c882
_d882
100 1 _aChristie, Agatha,
245 1 4 _aThe thirteen problems /
_cAgatha Christie.
250 _aBerkley ed.
260 _aNew York :
_bBerkley Books,
_c1984.
300 _a212 p. ;
_c18 cm.
500 _a"Also published as The Tuesday Club murders."
500 _aSource: Copyright deposit, Oct. 15, 1991.
505 0 _aThe Tuesday night club -- The idol house of Astarte -- Ingots of gold -- The blood stained pavement -- Motive v. opportunity -- The thumb mark of St. Peter -- The blue geranium -- The companion -- The four suspects -- A Christmas tragedy -- The herb of death -- The affair at the bungalow -- Death by drowning.
650 0 _aDetective and mystery stories, English.
710 2 _aBerkley Books.
710 2 _aCopyright Paperback Collection (Library of Congress)
942 _cBK
_k823.912 CHR
999 _c4852
_d4852